Statistiken für Zufällige Österreichische Städte nach Bundesland

Klicken Sie hier um das Quiz zu spielen!

Allgemein

  • Dieses Quiz wurde 134 mal gespielt
  • Das Durchschnittsergebnis liegt bei 17 aus 18

Antwortstatistiken

EinwohnerStadtBundesland% Korrekt
14.637EisenstadtBurgenland
100%
62.243VillachKärnten
100%
12.557Sankt Veit an der GlanKärnten
100%
24.998WolfsbergKärnten
100%
10.889VölkermarktKärnten
100%
14.307Feldkirchen in KärntenKärnten
100%
100.817Klagenfurt am WörtherseeKärnten
100%
11.294Gerasdorf bei WienNiederösterreich
100%
13.245KorneuburgNiederösterreich
100%
16.144Tulln an der DonauNiederösterreich
100%
12.709NeunkirchenNiederösterreich
100%
17.010StockerauNiederösterreich
100%
18.564SchwechatNiederösterreich
100%
11.798HollabrunnNiederösterreich
100%
11.577GänserndorfNiederösterreich
100%
20.570MödlingNiederösterreich
100%
11.471MistelbachNiederösterreich
100%
11.427Groß-EnzersdorfNiederösterreich
100%
23.727AmstettenNiederösterreich
100%
24.876Krems an der DonauNiederösterreich
100%
55.044St. PöltenNiederösterreich
100%
25.906BadenNiederösterreich
100%
27.368KlosterneuburgNiederösterreich
100%
10.885Zwettl-NiederösterreichNiederösterreich
100%
11.261Waidhofen an der YbbsNiederösterreich
100%
11.084EbreichsdorfNiederösterreich
100%
14.606TernitzNiederösterreich
100%
45.277Wiener NeustadtNiederösterreich
100%
205.726LinzOberösterreich
100%
13.158GmundenOberösterreich
100%
24.650TraunOberösterreich
100%
12.055Ried im InnkreisOberösterreich
100%
38.193SteyrOberösterreich
100%
28.795LeondingOberösterreich
100%
61.727WelsOberösterreich
100%
12.035EnnsOberösterreich
100%
10.884Seekirchen am WallerseeSalzburg
100%
10.574BischofshofenSalzburg
100%
16.820Saalfelden am Steinernen MeerSalzburg
100%
154.211SalzburgSalzburg
100%
21.170HalleinSalzburg
100%
288.806GrazSteiermark
100%
24.584LeobenSteiermark
100%
22.753KapfenbergSteiermark
100%
13.511FeldbachSteiermark
100%
15.837Bruck an der MurSteiermark
100%
12.623KnittelfeldSteiermark
100%
11.663DeutschlandsbergSteiermark
100%
12.374LeibnitzSteiermark
100%
10.628ImstTirol
100%
132.110InnsbruckTirol
100%
19.461KufsteinTirol
100%
11.868LienzTirol
100%
14.011WörglTirol
100%
16.720HohenemsVorarlberg
100%
14.841BludenzVorarlberg
100%
29.698BregenzVorarlberg
100%
1.897.491WienWien
100%
11.701WeizSteiermark
86%
12.062Bad VöslauNiederösterreich
83%
13.618SchwazTirol
83%
13.942Hall in TirolTirol
83%
12.324VöcklabruckOberösterreich
80%
17.228Braunau am InnOberösterreich
80%
11.017St. Johann im PongauSalzburg
80%
18.937TraiskirchenNiederösterreich
75%
14.126Bad IschlOberösterreich
75%
34.192FeldkirchVorarlberg
75%
16.654AnsfeldenOberösterreich
71%
49.845DornbirnVorarlberg
67%
13.802MarchtrenkOberösterreich
60%
10.777GleisdorfSteiermark
50%
11.131TrofaiachSteiermark
33%
15.365Spittal an der DrauKärnten
0%

Verteilung der Resultate

Perzentil nach korrekt beantworteten Fragen

Anzahl Personen mit jedem Resultat

Ihre Resultats-Entwicklung

Sie haben dieses Quiz noch nicht gespielt